00696cam a22002411 4500001001300000003000400013005001700017008004100034010001700075025002000092035001900112040002400131042001200155050001800167100003300185245005200218260003800270300002800308490002500336650003100361810004500392999001700437sa 65000850 DLC20260227112106.0790706s1963 io a 000 1 ind  asa 65000850  aPL480:Indo-1054 a(OCoLC)5145959 aDLCcIDeKNdWUdDLC apremarc00aPL5089.S8bK61 aSutiasumarga, Rusman,d1917-10aKorban romantik /ctjerpen Rusman Sutiasumarga. aDjakarta :bBalai Pustaka,c1963. a16 p. :bill. ;c18 cm.1 aSeri sastera moderen 0aShort stories, Indonesian.2 aBalai Pustaka, PN.tSeri sastera moderen c61781d61781